01748nam a2200397Ia 4500001001200000003000800012006001900020007001500039008004100054020002500095020002200120040002100142035002100163050002600184082001600210100002600226245012800252260004600380300002500426490005500451504005100506533015200557650004400709650006300753650002700816650004600843651005700889651007600946651003201022651005101054655002901105710001701134830005601151856012601207999001701333ebr10395684CaPaEBRm u cr cn|||||||||090627s2010 enka sb 001 0 eng d z9781845116699 (hbk.) z1845116690 (hbk.) aCaPaEBRcCaPaEBR a(OCoLC)65060666014aHB2092.7b.T35 2010eb04a338.9622221 aTalani, Leila Simona.10aFrom Egypt to Europeh[electronic resource] :bglobalisation and migration across the Mediterranean /cLeila Simona Talani. aLondon :bTauris Academic Studies,c2010. axiii, 274 p. :bill.1 aInternational library of migration studies ;vv. 5 aIncludes bibliographical references and index. aElectronic reproduction.bPalo Alto, Calif. :cebrary,d2011.nAvailable via World Wide Web.nAccess may be limited to ebrary affiliated libraries. 0aGlobalizationxEconomic aspectszEgypt. 0aGlobalizationxEconomic aspectszEuropean Union countries. 0aLabor mobilityzEgypt. 0aLabor mobilityzEuropean Union countries. 0aEgyptxEmigration and immigrationxEconomic aspects. 0aEuropean Union countriesxEmigration and immigrationxEconomic aspects. 0aEgyptxEconomic conditions. 0aEuropean Union countriesxEconomic conditions. 7aElectronic books.2local2 aebrary, Inc. 0aInternational library of migration studies ;vv. 5.40uhttp://site.ebrary.com/lib/rucke/Doc?id=10395684zAn electronic book accessible through the World Wide Web; click to view c96081d96081